000 00525 a2200181 4500
003 Nust
005 20170207153553.0
010 _a 00035553
020 _a1580530850 (alk. paper)
040 _cNust
082 0 0 _a658.8/4
100 1 _aRajput, Wasim E.
245 1 0 _aE-Commerce systems architecture and applications :
_b/
_cWasim E. Rajput.
260 _aBoston, Mass. :
_bArtech House,
_cc2000.
300 _axix, 422 p. :
_bill. ;
_c24 cm.
440 0 _aArtech House telecommunications library
650 0 _aElectronic commerce.
942 _2ddc
_cBK
999 _c188945
_d188945